Rural estate benchmarking survey 2003 (Record no. 73448)

MARC details
000 -LEADER
fixed length control field 01170cam a2200205 4500
001 - CONTROL NUMBER
control field WB3936-24
008 - FIXED-LENGTH DATA ELEMENTS--GENERAL INFORMATION
fixed length control field 030924n2003 000 0 eng u
035 ## - SYSTEM CONTROL NUMBER
System control number (Sirsi) u123707
245 ## - TITLE STATEMENT
Title Rural estate benchmarking survey 2003
260 ## - PUBLICATION, DISTRIBUTION, ETC.
Date of publication, distribution, etc. 2003
490 ## - SERIES STATEMENT
Series statement FPD Savills Research
Volume/sequential designation September 2003, 1-4(4)
520 ## - SUMMARY, ETC.
Summary, etc. FPD Savills' "Rural estate benchmarking survey" for 2003 has found that the diverse nature of rural estates has contributed to a steady rise in total gross income since 1998 with 2003 gross income up by 5.2% to £118.25 per acre. Average net income is being squeezed by rising costs, which increased by 5.6% in 2003 to 51.70 per acre. In 2003 income from all agricultural sources fell by 1.1%, gross residential income softened to 5.9% and gross commercial and leisure income increased by 27.4%. Office rents have reached £8.41 per sq ft in 2003.http://www.fpdsavills.co.uk/research.asp?content=%5Cuber%5Fresearch%5C3707%2Ehtm&subcategory=none&contenttype=research&category
590 ## - LOCAL NOTE (RLIN)
Local note WB
650 ## - SUBJECT ADDED ENTRY--TOPICAL TERM
Topical term or geographic name entry element RURAL ESTATE
650 ## - SUBJECT ADDED ENTRY--TOPICAL TERM
Topical term or geographic name entry element BENCHMARKING
650 ## - SUBJECT ADDED ENTRY--TOPICAL TERM
Topical term or geographic name entry element OFFICE RENTS
650 ## - SUBJECT ADDED ENTRY--TOPICAL TERM
Topical term or geographic name entry element FPD SAVILLS
690 ## - LOCAL SUBJECT ADDED ENTRY--TOPICAL TERM (OCLC, RLIN)
Topical term or geographic name as entry element RURAL-MARKET
942 ## - ADDED ENTRY ELEMENTS (KOHA)
Suppress in OPAC 0
Holdings
Withdrawn status Lost status Source of classification or shelving scheme Damaged status Not for loan Home library Current library Shelving location Date acquired Total Checkouts Full call number Barcode Date last seen Copy number Price effective from Koha item type
    Dewey Decimal Classification     London London News article 24/09/2003   WB3936-24 123707-1001 06/08/2019 1 06/08/2019 News article